Music Quiz

Random Music or Song Quiz

Relient K Songs Quiz Stats

 Plays Quiz not verified by Sporcle

Challenge
Share
Tweet
Embed
Score 0/115 Timer 12:00
0 Plays Today
Album Song % Correct
Mmhmm (2004)Be My Escape
81.4%
Anatomy of the Tongue in Cheek (2001)Sadie Hawkins Dance
75.2%
Five Score and Seven Years Ago (2007)Deathbed
72.4%
Mmhmm (2004)Who I Am Hates Who I've Been
70.3%
Forget and Not Slow Down (2009)Forget and Not Slow Down
70.3%
Five Score and Seven Years Ago (2007)Must Have Done Something Right
69%
Mmhmm (2004)High of 75
68.3%
Anatomy of the Tongue in Cheek (2001)Pressing On
65.5%
Forget and Not Slow Down (2009)Candlelight
65.5%
Forget and Not Slow Down (2009)Savannah
65.5%
Mmhmm (2004)My Girl's Ex-Boyfriend
62.8%
Five Score and Seven Years Ago (2007)Plead the Fifth
62.1%
Two Lefts Don't Make a Right...But Three Do (2003)Chap Stick, Chapped Lips and Things Like Chemistry
61.4%
Relient K (2000)Hello McFly
60.7%
Forget and Not Slow Down (2009)I Don't Need a Soul
60.7%
Mmhmm (2004)I So Hate Consequences
60%
Five Score and Seven Years Ago (2007)Crayons Can Melt On Us For All I Care
59.3%
Forget and Not Slow Down (2009)Sahara
59.3%
Two Lefts Don't Make a Right...But Three Do (2003)Mood Rings
58.6%
Mmhmm (2004)The One I'm Waiting For
58.6%
Five Score and Seven Years Ago (2007)The Best Thing
58.6%
Relient K (2000)My Girlfriend
57.9%
Forget and Not Slow Down (2009)This is the End
57.9%
Anatomy of the Tongue in Cheek (2001)Kick-off
55.2%
Two Lefts Don't Make a Right...But Three Do (2003)Jefferson Aero Plane
55.2%
Mmhmm (2004)Which to Bury, Us or the Hatchet
55.2%
Five Score and Seven Years Ago (2007)Come Right Out and Say It
55.2%
Five Score and Seven Years Ago (2007)Forgiven
53.8%
Mmhmm (2004)The Only Thing Worse Than Beating a Dead Horse is Betting On One
53.1%
Five Score and Seven Years Ago (2007)Devastation and Reform
53.1%
Forget and Not Slow Down (2009)Therapy
53.1%
Relient K (2000)K Car
52.4%
Two Lefts Don't Make a Right...But Three Do (2003)College Kids
52.4%
Mmhmm (2004)Let it All Out
52.4%
Five Score and Seven Years Ago (2007)I Need You
52.4%
Five Score and Seven Years Ago (2007)Up and Up
51.7%
Anatomy of the Tongue in Cheek (2001)Failure to Excommunicate
50.3%
Forget and Not Slow Down (2009)Flare
50.3%
Mmhmm (2004)When I Go Down
49.7%
Album Song % Correct
Forget and Not Slow Down (2009)Outro
49%
Forget and Not Slow Down (2009)(If You Want It)
49%
Anatomy of the Tongue in Cheek (2001)Down in Flames
48.3%
Anatomy of the Tongue in Cheek (2001)Maybe It's Maybeline
48.3%
Five Score and Seven Years Ago (2007)Faking My Own Suicide
48.3%
Anatomy of the Tongue in Cheek (2001)I'm Lion-O
47.6%
Bird and the Bee Sides (2008)The Lining is Silver
47.6%
Forget and Not Slow Down (2009)Oasis
47.6%
Forget and Not Slow Down (2009)If You Believe Me
46.9%
Two Lefts Don't Make a Right...But Three Do (2003)Getting Into You
46.9%
Mmhmm (2004)Life After Death and Taxes (Failure II)
46.9%
Two Lefts Don't Make a Right...But Three Do (2003)Hoopes I Did it Again
46.2%
Forget and Not Slow Down (2009)Baby
46.2%
Relient K (2000)Nancy Drew
45.5%
Forget and Not Slow Down (2009)Part of It
45.5%
Anatomy of the Tongue in Cheek (2001)For the Moments I Feel Faint
44.8%
Anatomy of the Tongue in Cheek (2001)May the Horse Be With You
44.8%
Five Score and Seven Years Ago (2007)Give
44.8%
Relient K (2000)Charles in Charge
44.1%
Relient K (2000)Balloon Ride
44.1%
Five Score and Seven Years Ago (2007)Bite My Tongue
44.1%
Two Lefts Don't Make a Right...But Three Do (2003)Forward Motion
42.8%
Mmhmm (2004)Maintain Consciousness
42.8%
Mmhmm (2004)More Than Useless
42.1%
Five Score and Seven Years Ago (2007)I'm Taking You With Me
41.4%
Mmhmm (2004)This Week the Trend
40.7%
Two Lefts Don't Make a Right...But Three Do (2003)Falling Out
40%
Bird and the Bee Sides (2008)Curl Up and Die
40%
Anatomy of the Tongue in Cheek (2001)Lion Wilson
39.3%
Bird and the Bee Sides (2008)The Last, The Lost, The Least
39.3%
Relient K (2000)Staples
38.6%
Anatomy of the Tongue in Cheek (2001)Less is More
37.9%
Two Lefts Don't Make a Right...But Three Do (2003)Gibberish
37.9%
Two Lefts Don't Make a Right...But Three Do (2003)Over Thinking
37.2%
Relient K (2000)Wake Up Call
36.6%
Bird and the Bee Sides (2008)Where Do I Go From Here
36.6%
Bird and the Bee Sides (2008)You'll Always Be My Best Friend
36.6%
Anatomy of the Tongue in Cheek (2001)Breakfast at Timpani's
36.6%
Relient K (2000)17 Magazine
35.2%
Album Song % Correct
Anatomy of the Tongue in Cheek (2001)Breakdown
35.2%
Anatomy of the Tongue in Cheek (2001)My Way or the Highway...
35.2%
Two Lefts Don't Make a Right...But Three Do (2003)Trademark
35.2%
Two Lefts Don't Make a Right...But Three Do (2003)I Am Understood?
35.2%
Bird and the Bee Sides (2008)Bee Your Man
35.2%
Forget and Not Slow Down (2009)Over It
35.2%
Relient K (2000)Softer to Me
33.8%
Relient K (2000)Benediction
33.1%
Anatomy of the Tongue in Cheek (2001)What Have You Been Doing Lately?
33.1%
Two Lefts Don't Make a Right...But Three Do (2003)In Love with the 80's (Pink Tux to the Prom)
33.1%
Two Lefts Don't Make a Right...But Three Do (2003)From End to End
33.1%
Bird and the Bee Sides (2008)The Vinyl Countdown
31.7%
Bird and the Bee Sides (2008)At Least We Made it This Far
31%
Bird and the Bee Sides (2008)There Was No Thief
31%
Bird and the Bee Sides (2008)Who I Am Hates Who I've Been (Acoustic)
31%
Relient K (2000)anchorage
29.7%
Two Lefts Don't Make a Right...But Three Do (2003)Interlude
29.7%
Bird and the Bee Sides (2008)Nothing Without You
29.7%
Anatomy of the Tongue in Cheek (2001)The Rest is Up to You
29%
Bird and the Bee Sides (2008)The Scene and Heard
29%
Bird and the Bee Sides (2008)No Reaction
29%
Bird and the Bee Sides (2008)Up and Up (Acoustic)
28.3%
Bird and the Bee Sides (2008)I Just Want You to Know
27.6%
Relient K (2000)Everything Will Be
26.9%
Bird and the Bee Sides (2008)For the Band
26.9%
Bird and the Bee Sides (2008)Hope For Every Fallen Man (Acoustic)
26.9%
Bird and the Bee Sides (2008)Here I Go (Demo)
26.2%
Bird and the Bee Sides (2008)A Penny Loafer Saved is a Penny Loafer Earned
24.8%
Anatomy of the Tongue in Cheek (2001)Those Words Are Not Enough
24.1%
Bird and the Bee Sides (2008)Wits All Been Done Before
22.8%
Bird and the Bee Sides (2008)Jefferson Aeroplane (Demo)
22.8%
Relient K (2000)When You're Around
20.7%
Bird and the Bee Sides (2008)There Was Another Time in My Life
20.7%
Bird and the Bee Sides (2008)Beaming
20.7%
Bird and the Bee Sides (2008)The Stenographer (Demo)
20%
Bird and the Bee Sides (2008)Five Iron Frenzy is Either Dead or Dying (Ska Version)
17.2%
Bird and the Bee Sides (2008)Five Iron Frenzy is Either Dead or Dying (Acoustic)
9.7%

You're not logged in!

Compare scores with friends on all Sporcle quizzes.
Join for Free
OR
Log In

You Might Also Like...

Show Comments

Extras

Top Quizzes Today


Score Distribution

Your Account Isn't Verified!

In order to create a playlist on Sporcle, you need to verify the email address you used during registration. Go to your Sporcle Settings to finish the process.

Report this User

Report this user for behavior that violates our Community Guidelines.

Details: